BREAKING THE BLACK BOX LEARN TO DESIGN T (Record no. 19030)

MARC details
000 -LEADER
fixed length control field 00384nam a2200133Ia 4500
008 - FIXED-LENGTH DATA ELEMENTS--GENERAL INFORMATION
fixed length control field 240624s9999 xx 000 0 und d
041 ## - LANGUAGE CODE
Language code of text/sound track or separate title eng
082 ## - DEWEY DECIMAL CLASSIFICATION NUMBER
Classification number 332.6457 RAJ
100 ## - MAIN ENTRY--PERSONAL NAME
Personal name PRING MARTIN J
245 ## - TITLE STATEMENT
Title BREAKING THE BLACK BOX LEARN TO DESIGN T
260 ## - PUBLICATION, DISTRIBUTION, ETC.
Date of publication, distribution, etc. 2008
Place of publication, distribution, etc. Mumbai
Name of publisher, distributor, etc. Shroff Publishers & Distributors Pvt.Ltd.
300 ## - PHYSICAL DESCRIPTION
Extent viii, : 219 : p. : cm. ; 24
365 ## - TRADE PRICE
Currency code RS
Price amount 25
Holdings
Withdrawn status Lost status Damaged status Not for loan Home library Current library Shelving location Date acquired Source of acquisition Cost, normal purchase price Full call number Barcode Date last seen Copy number Price effective from Koha item type
        IMTN IMTN Rack 12-B 05/16/2012 AP 500.00 332.6457 RAJ 19030 06/24/2024 1 06/24/2024 Books
Designed & Maintained by: LRC IMT Nagpur Contact: lrc@imtnag.ac.in© 2024. All Rights Reserved.